000 00766nam a2200265Ia 4500
003 OSt
005 20220926012442.0
006 a|||||r|||| 00| 0
007 ta
008 220923b |||||||| |||| 00| 0 eng d
020 _a9780231153287
037 _cGeneral Book
040 _aRTL
_cRTL
_beng
041 _2eng
_aeng
082 _aX:(B281), Q4
100 _aMASKIN Eric
_9316536
245 0 _aArrow impossibility theorem
260 _aNew York
_bColumbia University Press
_c2014
300 _a152p
_ccm.
490 _aFood and Agriculture Organization of the United Nations
500 _aBibliography: p 75-80
700 _a SEN Amartya
942 _hX:(B281), Q4
_cGB
_2CC
999 _c623058
_d623058